000 00267nam a2200109Ia 4500
001 588792
005 20250717120837.0
008 250717s9999 xx 000 0 und d
245 0 _aV-13 ÇAKA BEY
_cİSMAİL BİLGİN
260 _bTİMAŞ YAYINLARI
_c2018
300 _b92
999 _c588792
_d588792